[Event "FISU World University"]
[Site "Tornelo INT"]
[Date "2020.10.28"]
[Round "7.29"]
[White "Villa Gonzalez, Nicolas Alexis"]
[Black "Dill, Xaver"]
[Result "0-1"]
[WhiteElo "1724"]
[BlackElo "2138"]
[PlyCount "132"]
[EventDate "2020.10.26"]
[EventType "team-swiss (rapid)"]
[EventRounds "9"]
[EventCountry "NET"]
[SourceTitle "CBM 199 Extra"]
[Source "ChessBase"]
[SourceDate "2021.01.31"]
[SourceVersion "1"]
[SourceVersionDate "2021.01.31"]
[SourceQuality "1"]
[WhiteTeam "Chile V"]
[BlackTeam "Switzerland"]
[WhiteTeamCountry "CHI"]
[BlackTeamCountry "SUI"]

1. d4 Nf6 2. c4 e6 3. Nc3 Bb4 4. Qc2 d5 5. e3 0-0 6. Bd3 a6 7. Nge2 Nbd7 8. 0-0 dxc4 9. Bxc4 b5 10. Bd3 Bb7 11. a3 Bd6 12. Ng3 c5 13. Nce4 Nxe4 14. Nxe4 Bxh2+ 15. Kxh2 Qh4+ 16. Kg1 c4 17. Be2 Bxe4 18. Qd1 f5 19. f3 Bb7 20. Bd2 Nf6 21. b3 Rac8 22. Rc1 Nh5 23. bxc4 Ng3 24. Re1 Qh1+ 25. Kf2 Ne4+ 26. fxe4 fxe4+ 27. Kg3 Qh6 28. Rh1 Qg5+ 29. Kh2 Qh4+ 30. Kg1 Qf2+ 31. Kh2 Rf6 32. Rf1 Rh6+ 33. Bh5 Qh4+ 34. Kg1 Rxh5 35. Rf4 Qh2+ 36. Kf2 Rg5 37. Qh1 Qg3+ 38. Kg1 bxc4 39. Qh2 Qxh2+ 40. Kxh2 Rf5 41. Kg3 g5 42. Rff1 Bd5 43. Bb4 h5 44. Rh1 h4+ 45. Kg4 Rc7 46. g3 hxg3 47. Bd6 Rcf7 48. Rb1 g2 49. Rb8+ Kg7 50. Rg1 Rf2 51. Be5+ Kh6 52. Rh8+ Rh7 53. Rc8 Kg6 54. Rg8+ Kf7 55. Rc8 Rh1 56. Rc7+ Ke8 57. Kg3 Rxg1 58. Kxf2 Re1 59. Kxg2 Rxe3 60. Bd6 Rd3 61. Bb4 e3+ 62. Kf1 Bf3 63. Re7+ Kd8 64. Rxe6 Rd1+ 65. Be1 c3 66. Rxe3 c2 0-1

[Event "Oberliga Baden 1920"]
[Site "Baden"]
[Date "2019.11.17"]
[Round "3.4"]
[White "Becker, Matthias1111"]
[Black "Dill, Xaver"]
[Result "1/2-1/2"]
[WhiteElo "1950"]
[BlackElo "2136"]
[PlyCount "106"]
[EventDate "2019.09.29"]
[EventType "team-tourn"]
[EventRounds "9"]
[EventCountry "GER"]
[SourceTitle "CBM 195 Extra"]
[Source "ChessBase"]
[SourceDate "2020.05.31"]
[SourceVersion "1"]
[SourceVersionDate "2020.05.31"]
[SourceQuality "1"]
[WhiteTeam "Buchen"]
[BlackTeam "Brombach"]
[WhiteTeamCountry "GER"]
[BlackTeamCountry "GER"]

1. e4 e5 2. Nf3 Nc6 3. Bc4 Bc5 4. c3 Nf6 5. d3 0-0 6. Nbd2 d6 7. h3 a6 8. Bb3 h6 9. Nf1 Re8 10. Ng3 Be6 11. Bxe6 Rxe6 12. 0-0 d5 13. Qc2 Qd7 14. Re1 Rd8 15. Be3 Bxe3 16. Rxe3 Ne7 17. exd5 Qxd5 18. Rae1 Ng6 19. c4 Qd7 20. Qc3 Rde8 21. Kh2 Qd6 22. Nf5 Qc5 23. b4 Nd5 24. d4 Nxc3 25. dxc5 Na4 26. Ra3 Nb2 27. Rb1 Nxc4 28. Rc3 Rf6 29. Nxh6+ gxh6 30. Rxc4 Nf4 31. Rd1 e4 32. Re1 Rfe6 33. Nd4 Re5 34. Nc2 Nd3 35. Re2 f5 36. Rd4 c6 37. Ne3 a5 38. Nc4 Rd5 39. Rxd5 cxd5 40. Nxa5 Nxb4 41. Nxb7 d4 42. Nd6 Re5 43. g4 d3 44. Rb2 f4 45. Nc4 Rxc5 46. Rxb4 Rxc4 47. Rxc4 d2 48. Rxe4 d1Q 49. Rxf4 Qd2 50. Rf5 Qxa2 51. Kg2 Kg7 52. Kg1 Kg6 53. Kg2 Qa8+ 1/2-1/2

[Event "Oberliga Baden 1819"]
[Site "Baden"]
[Date "2018.12.16"]
[Round "4.5"]
[White "Dill, Xaver"]
[Black "Nabavi, Parwis"]
[Result "1/2-1/2"]
[WhiteElo "2152"]
[BlackElo "2208"]
[PlyCount "53"]
[EventDate "2018.10.21"]
[EventType "team-tourn"]
[EventRounds "9"]
[EventCountry "GER"]
[SourceTitle "EXT 2020"]
[Source "ChessBase"]
[SourceDate "2019.10.17"]
[SourceVersion "1"]
[SourceVersionDate "2019.10.17"]
[SourceQuality "1"]
[WhiteTeam "Brombach"]
[BlackTeam "Dreisamtal"]
[WhiteTeamCountry "GER"]
[BlackTeamCountry "GER"]

1. Nf3 d5 2. c4 e6 3. d4 Nf6 4. g3 Be7 5. Bg2 0-0 6. 0-0 dxc4 7. Ne5 Nc6 8. Bxc6 bxc6 9. Nxc6 Qe8 10. Nxe7+ Qxe7 11. Qa4 c5 12. Qxc4 cxd4 13. Qxd4 e5 14. Qh4 Rb8 15. Nc3 Rb4 16. e4 h6 17. a3 Rb3 18. Be3 Rd8 19. Rfd1 Rxd1+ 20. Rxd1 Rxb2 21. Nd5 Nxd5 22. exd5 Qxh4 23. gxh4 Rb7 24. d6 f6 25. Rc1 Bh3 26. Rc7 Rxc7 27. dxc7 1/2-1/2

[Event "Oberliga Baden 1819"]
[Site "Baden"]
[Date "2018.10.21"]
[Round "1.6"]
[White "Dill, Xaver"]
[Black "Prestel, Oliver"]
[Result "1/2-1/2"]
[WhiteElo "2152"]
[BlackElo "2136"]
[PlyCount "23"]
[EventDate "2018.10.21"]
[EventType "team-tourn"]
[EventRounds "9"]
[EventCountry "GER"]
[SourceTitle "EXT 2020"]
[Source "ChessBase"]
[SourceDate "2019.10.17"]
[SourceVersion "1"]
[SourceVersionDate "2019.10.17"]
[SourceQuality "1"]
[WhiteTeam "Brombach"]
[BlackTeam "Untergrombach"]
[WhiteTeamCountry "GER"]
[BlackTeamCountry "GER"]

1. Nf3 d5 2. d4 Nf6 3. c4 e6 4. Nc3 c6 5. g3 Nbd7 6. Bg2 Be7 7. 0-0 0-0 8. Qd3 b6 9. e4 dxe4 10. Nxe4 Bb7 11. Rd1 c5 12. Nxf6+ 1/2-1/2

[Event "SUI-ch HT1 118th"]
[Site "Lenzerheide"]
[Date "2018.07.13"]
[Round "2"]
[White "Dill, Xaver"]
[Black "Klauser, Markus"]
[Result "0-1"]
[WhiteElo "2157"]
[BlackElo "2386"]
[PlyCount "92"]
[EventDate "2018.07.12"]
[EventType "swiss"]
[EventRounds "9"]
[EventCountry "SUI"]
[SourceTitle "EXT 2019"]
[Source "ChessBase"]
[SourceDate "2018.10.10"]
[SourceVersion "1"]
[SourceVersionDate "2018.10.10"]
[SourceQuality "1"]

1. Nf3 d6 2. e4 Nf6 3. Nc3 Bg4 4. d4 e6 5. Be2 c6 6. a4 d5 7. Bg5 Be7 8. e5 Nfd7 9. Bxe7 Qxe7 10. Nd2 Bxe2 11. Nxe2 0-0 12. 0-0 c5 13. f4 cxd4 14. Nf3 Nc6 15. Nexd4 Rac8 16. c3 Nc5 17. Qe2 Ne4 18. Rae1 Qc5 19. Qe3 Rfe8 20. f5 exf5 21. Nxf5 Qxe3+ 22. Nxe3 Nxe5 23. Nxd5 Nd3 24. Re2 Rcd8 25. Nc7 Re7 26. Ng5 Rxc7 27. Nxe4 Rcd7 28. Rd2 Ne5 29. Rfd1 Rxd2 30. Rxd2 Rxd2 31. Nxd2 f5 32. h3 Kf7 33. Kf1 Ke6 34. Ke2 Kd5 35. b3 g5 36. Nf3 Nxf3 37. Kxf3 Ke5 38. Ke3 h5 39. b4 f4+ 40. Kd3 g4 41. hxg4 hxg4 42. c4 f3 43. gxf3 gxf3 44. a5 Kf4 45. a6 bxa6 46. c5 Kg3 0-1

[Event "Oberliga Baden 1718"]
[Site "Baden"]
[Date "2018.04.15"]
[Round "9.2"]
[White "Fiderer, Lukas"]
[Black "Dill, Xaver"]
[Result "0-1"]
[WhiteElo "2296"]
[BlackElo "2192"]
[PlyCount "80"]
[EventDate "2017.10.08"]
[EventType "team-tourn"]
[EventRounds "9"]
[EventCountry "GER"]
[SourceTitle "EXT 2019"]
[Source "ChessBase"]
[SourceDate "2018.10.10"]
[SourceVersion "1"]
[SourceVersionDate "2018.10.10"]
[SourceQuality "1"]
[WhiteTeam "Baden-Baden III"]
[BlackTeam "Brombach"]
[WhiteTeamCountry "GER"]
[BlackTeamCountry "GER"]

1. e4 e5 2. Nf3 Nc6 3. Bb5 a6 4. Bxc6 dxc6 5. 0-0 Bg4 6. h3 h5 7. d3 Qf6 8. Be3 Bxf3 9. Qxf3 Qxf3 10. gxf3 f5 11. f4 exf4 12. Bxf4 fxe4 13. dxe4 0-0-0 14. Nc3 Bb4 15. Rad1 Re8 16. f3 Nh6 17. Kf2 Nf7 18. Rg1 Rhg8 19. Rg6 Bc5+ 20. Be3 Bxe3+ 21. Kxe3 Ne5 22. Rg5 Nc4+ 23. Ke2 Nxb2 24. Rdg1 Re7 25. Rxh5 Rd7 26. Rc5 Rgd8 27. Nb1 Rh8 28. Rg3 Rhd8 29. Ke3 Rd1 30. Nc3 Re1+ 31. Kf4 Rd2 32. Kf5 Rxc2 33. Na4 Nc4 34. Rxg7 b5 35. Ke6 Kb7 36. f4 Rxe4+ 37. Kf5 Nd6+ 38. Kg6 Rh2 39. f5 Rxh3 40. f6 Rxa4 0-1

[Event "Oberliga Baden 1718"]
[Site "Baden"]
[Date "2018.01.21"]
[Round "5.4"]
[White "Dill, Xaver"]
[Black "Schwing, Hans Elmar"]
[Result "1-0"]
[WhiteElo "2140"]
[BlackElo "2330"]
[PlyCount "79"]
[EventDate "2017.10.08"]
[EventType "team-tourn"]
[EventRounds "9"]
[EventCountry "GER"]
[SourceTitle "EXT 2019"]
[Source "ChessBase"]
[SourceDate "2018.10.10"]
[SourceVersion "1"]
[SourceVersionDate "2018.10.10"]
[SourceQuality "1"]
[WhiteTeam "Brombach"]
[BlackTeam "Dreisamtal"]
[WhiteTeamCountry "GER"]
[BlackTeamCountry "GER"]

1. Nf3 Nf6 2. c4 b6 3. g3 Bb7 4. Bg2 e6 5. 0-0 Be7 6. d4 0-0 7. Re1 a5 8. a3 Na6 9. d5 exd5 10. Nh4 c6 11. cxd5 Nxd5 12. Nf5 Bc5 13. e4 Ne7 14. Nd6 Bxd6 15. Qxd6 Nc5 16. Nc3 Ba6 17. Be3 Nd3 18. Reb1 Re8 19. b4 Nc8 20. Qd4 c5 21. bxc5 bxc5 22. Qa4 Ne7 23. Nb5 Nc6 24. Qc2 Nde5 25. Bxc5 Rb8 26. a4 Nb4 27. Bxb4 axb4 28. Rxb4 Qf6 29. Rd1 Rb6 30. f4 Nc6 31. Rbb1 Qe7 32. e5 Reb8 33. Nd6 Nb4 34. Qc5 Qd8 35. a5 Nd3 36. Qxb6 Rxb6 37. axb6 f6 38. Bf1 Nc5 39. Bxa6 Nxa6 40. Rdc1 1-0

[Event "Wch U18"]
[Site "Montevideo"]
[Date "2017.09.24"]
[Round "9"]
[White "Dill, Xaver"]
[Black "Marais, Daniel Petrus"]
[Result "1-0"]
[WhiteElo "2162"]
[BlackElo "1813"]
[PlyCount "67"]
[EventDate "2017.09.17"]
[EventType "swiss"]
[EventRounds "11"]
[EventCountry "URU"]
[SourceTitle "CBM 180 Extra"]
[Source "ChessBase"]
[SourceDate "2017.10.06"]
[SourceVersion "1"]
[SourceVersionDate "2017.10.06"]
[SourceQuality "1"]

1. d4 d5 2. c4 e6 3. Nf3 Nf6 4. g3 Bb4+ 5. Bd2 Bd6 6. Bg2 c6 7. 0-0 0-0 8. Nc3 Nbd7 9. Bg5 h6 10. Bxf6 Nxf6 11. Nd2 e5 12. dxe5 Bxe5 13. cxd5 Bxc3 14. bxc3 Nxd5 15. Qc2 Qa5 16. c4 Nc3 17. Nb3 Qe5 18. e4 Na4 19. c5 Qc3 20. Rfc1 Qxc2 21. Rxc2 Rd8 22. Rb1 Rd3 23. Rbc1 Be6 24. Na5 Rad8 25. Nxb7 R8d7 26. Nd6 Ra3 27. e5 Rc7 28. Rb1 Rxa2 29. Rxa2 Bxa2 30. Rb8+ Kh7 31. Be4+ g6 32. Ne8 f5 33. Nxc7 fxe4 34. e6 1-0

[Event "Wch U18"]
[Site "Montevideo"]
[Date "2017.09.18"]
[Round "3"]
[White "Dill, Xaver"]
[Black "Agulhas, Keegan"]
[Result "1-0"]
[WhiteElo "2162"]
[BlackElo "1906"]
[PlyCount "41"]
[EventDate "2017.09.17"]
[EventType "swiss"]
[EventRounds "11"]
[EventCountry "URU"]
[SourceTitle "CBM 180 Extra"]
[Source "ChessBase"]
[SourceDate "2017.10.06"]
[SourceVersion "1"]
[SourceVersionDate "2017.10.06"]
[SourceQuality "1"]

1. Nf3 c5 2. c4 Nf6 3. Nc3 g6 4. d4 cxd4 5. Nxd4 Bg7 6. e4 d6 7. Be2 0-0 8. Be3 Nbd7 9. 0-0 a5 10. Qd2 Nc5 11. f3 Bd7 12. b3 Qb6 13. Rab1 Bc6 14. a3 Qc7 15. Rfc1 Nfd7 16. b4 axb4 17. axb4 Na4 18. b5 Qa5 19. bxc6 bxc6 20. Nxc6 Nxc3 21. Nxa5 1-0

[Event "SUI-ch 117th"]
[Site "Graechen"]
[Date "2017.07.17"]
[Round "5"]
[White "Filipovic, Branko"]
[Black "Dill, Xaver"]
[Result "1-0"]
[WhiteElo "2423"]
[BlackElo "2049"]
[PlyCount "67"]
[EventDate "2017.07.13"]
[EventType "swiss"]
[EventRounds "9"]
[EventCountry "SUI"]
[SourceTitle "EXT 2019"]
[Source "ChessBase"]
[SourceDate "2018.10.10"]
[SourceVersion "1"]
[SourceVersionDate "2018.10.10"]
[SourceQuality "1"]

1. Nf3 Nf6 2. g3 b6 3. Bg2 Bb7 4. d3 e6 5. e4 d5 6. Nbd2 c5 7. 0-0 Nc6 8. Re1 Be7 9. e5 Nd7 10. h4 Qc7 11. Qe2 h6 12. c3 d4 13. Ne4 Ndxe5 14. Nxe5 Qxe5 15. Bf4 Qf5 16. Nd6+ Bxd6 17. Bxd6 Rd8 18. g4 Qf6 19. Bg3 0-0 20. f4 Na5 21. Bh3 Ba8 22. h5 Qe7 23. Kh2 Qb7 24. Rf1 Rde8 25. Rae1 Qc6 26. g5 Kh7 27. Rf2 Nb7 28. Bg2 Qd7 29. Be4+ Kh8 30. gxh6 gxh6 31. f5 exf5 32. Qd2 fxe4 33. Qxh6+ Kg8 34. Be5 1-0

[Event "SUI-ch 117th"]
[Site "Graechen"]
[Date "2017.07.14"]
[Round "2"]
[White "Dill, Xaver"]
[Black "Urwyler, Nikash"]
[Result "1-0"]
[WhiteElo "2049"]
[BlackElo "1912"]
[PlyCount "69"]
[EventDate "2017.07.13"]
[EventType "swiss"]
[EventRounds "9"]
[EventCountry "SUI"]
[SourceTitle "EXT 2019"]
[Source "ChessBase"]
[SourceDate "2018.10.10"]
[SourceVersion "1"]
[SourceVersionDate "2018.10.10"]
[SourceQuality "1"]

1. Nf3 Nf6 2. c4 e6 3. g3 b6 4. Bg2 Bb7 5. 0-0 Be7 6. Re1 0-0 7. d4 Ne4 8. Qc2 f5 9. Nfd2 d5 10. cxd5 exd5 11. Nf3 Nd7 12. Bf4 Rc8 13. Nc3 c5 14. h4 Ndf6 15. Rad1 Ng4 16. Rf1 Bf6 17. Qb3 Kh8 18. Nxe4 fxe4 19. Ng5 Qe7 20. Bh3 h5 21. dxc5 Rxc5 22. f3 exf3 23. exf3 Bxg5 24. Bxg5 Nf6 25. Rde1 Qc7 26. Bf4 Qd8 27. Re5 Re8 28. Qd3 d4 29. Rxe8+ Nxe8 30. Bg5 Nf6 31. Re1 Bc6 32. Qg6 d3 33. Bxf6 gxf6 34. Qh6+ Kg8 35. Be6# 1-0

[Event "Karlsruhe Grenke op"]
[Site "Karlsruhe"]
[Date "2017.04.13"]
[Round "1"]
[White "Dill, Xaver"]
[Black "Sadzikowski, Daniel"]
[Result "0-1"]
[WhiteElo "2120"]
[BlackElo "2547"]
[PlyCount "72"]
[EventDate "2017.04.13"]
[EventType "swiss"]
[EventRounds "9"]
[EventCountry "GER"]
[SourceTitle "CBM 177 Extra"]
[Source "ChessBase"]
[SourceDate "2017.04.27"]
[SourceVersion "1"]
[SourceVersionDate "2017.04.27"]
[SourceQuality "1"]

1. Nf3 c5 2. e4 d6 3. Bb5+ Nd7 4. d4 cxd4 5. Qxd4 a6 6. Bxd7+ Bxd7 7. 0-0 e5 8. Qd3 Rc8 9. c4 b5 10. Nfd2 Nf6 11. Nc3 Qb6 12. b3 Be7 13. Bb2 0-0 14. Rac1 Rc7 15. Rc2 Be6 16. Nd5 Nxd5 17. cxd5 Rxc2 18. Qxc2 Bd7 19. Rc1 Bd8 20. Nf1 f5 21. exf5 Bxf5 22. Qc6 Bd7 23. Qxb6 Bxb6 24. Rc2 Bf5 25. Rc6 Bxf2+ 26. Kxf2 Bd7+ 27. Ke2 Bxc6 28. dxc6 Rc8 29. Ne3 Rxc6 30. Kd3 Kf7 31. h4 Ke6 32. h5 d5 33. g4 g6 34. hxg6 hxg6 35. Nc2 Rc8 36. Bc1 d4 0-1

[Event "Oberliga Baden 1617"]
[Site "Baden"]
[Date "2017.02.19"]
[Round "6.8"]
[White "Dill, Xaver"]
[Black "Schwingen, Dominik"]
[Result "1-0"]
[WhiteElo "2130"]
[BlackElo "1878"]
[PlyCount "57"]
[EventDate "2016.10.16"]
[EventType "team-tourn"]
[EventRounds "9"]
[EventCountry "GER"]
[SourceTitle "EXT 2018"]
[Source "ChessBase"]
[SourceDate "2017.10.13"]
[SourceVersion "1"]
[SourceVersionDate "2017.10.13"]
[SourceQuality "1"]
[WhiteTeam "Brombach"]
[BlackTeam "Ettlingen"]
[WhiteTeamCountry "GER"]
[BlackTeamCountry "GER"]

1. Nf3 e6 2. d4 d5 3. c4 c5 4. e3 Nc6 5. Nc3 Nf6 6. a3 dxc4 7. Bxc4 cxd4 8. exd4 Be7 9. 0-0 0-0 10. Re1 Nd5 11. Ne4 a6 12. Ba2 Bf6 13. Nxf6+ Nxf6 14. Bg5 Ne7 15. Qd3 Ned5 16. Ne5 Qd6 17. Rac1 Bd7 18. Bb1 g6 19. Qf3 Nh5 20. Bh6 Ng7 21. Ba2 f6 22. Nc4 Qb8 23. Ne3 Nxe3 24. Rxe3 Qd6 25. Qe4 Rae8 26. Bf4 Qb6 27. Rb3 Bc6 28. d5 Bxd5 29. Qxd5 1-0

[Event "EU-ch U16 26th"]
[Site "Prague"]
[Date "2016.08.26"]
[Round "8"]
[White "Chwistek, Karel"]
[Black "Dill, Xaver"]
[Result "0-1"]
[WhiteElo "1961"]
[BlackElo "2110"]
[PlyCount "66"]
[EventDate "2016.08.18"]
[EventType "swiss"]
[EventRounds "9"]
[EventCountry "CZE"]
[SourceTitle "CBM 174 Extra"]
[Source "ChessBase"]
[SourceDate "2016.10.10"]
[SourceVersion "1"]
[SourceVersionDate "2016.10.10"]
[SourceQuality "1"]

1. e4 c5 2. Nc3 a6 3. a4 e6 4. f4 Nc6 5. Nf3 d5 6. d3 Nge7 7. g3 g6 8. Bg2 Bg7 9. 0-0 0-0 10. e5 Nf5 11. g4 Nfd4 12. Ne2 Nxf3+ 13. Rxf3 f6 14. exf6 Bxf6 15. c3 Bg7 16. Be3 d4 17. Bf2 Kh8 18. h3 Bd7 19. Ng3 Qe7 20. Qd2 Bh6 21. Ne4 Ne5 22. g5 Nxf3+ 23. Bxf3 Bg7 24. Re1 Bc6 25. Bg4 Rae8 26. Bg3 b6 27. Qc2 Qd8 28. Nd2 e5 29. fxe5 Qd5 30. Ne4 Bxe5 31. c4 Qd8 32. Nf6 Bxg3 33. Rxe8 Rxe8 0-1

[Event "EU-ch U16 26th"]
[Site "Prague"]
[Date "2016.08.25"]
[Round "7"]
[White "Golding, James"]
[Black "Dill, Xaver"]
[Result "1/2-1/2"]
[WhiteElo "1919"]
[BlackElo "2110"]
[PlyCount "94"]
[EventDate "2016.08.18"]
[EventType "swiss"]
[EventRounds "9"]
[EventCountry "CZE"]
[SourceTitle "CBM 174 Extra"]
[Source "ChessBase"]
[SourceDate "2016.10.10"]
[SourceVersion "1"]
[SourceVersionDate "2016.10.10"]
[SourceQuality "1"]

1. d4 Nf6 2. c4 e6 3. Nf3 c5 4. e3 d5 5. Nc3 Nc6 6. a3 a6 7. dxc5 Bxc5 8. b4 Ba7 9. Bb2 0-0 10. Qc2 Qe7 11. Rd1 Rd8 12. Be2 dxc4 13. Rxd8+ Nxd8 14. Bxc4 b5 15. Bd3 Bb7 16. 0-0 Rc8 17. Qb1 Ba8 18. Ne2 h6 19. Ng3 Nb7 20. Rc1 Rxc1+ 21. Qxc1 Nd6 22. Qc3 Qf8 23. Ne5 Qc8 24. Qxc8+ Nxc8 25. a4 Nd6 26. axb5 axb5 27. Ne2 Nd5 28. Nc3 Nxb4 29. Bxb5 Nxb5 30. Nxb5 Bb8 31. Nf3 f6 32. Ba3 Nd3 33. Bd6 Bxd6 34. Nxd6 Bxf3 35. gxf3 g5 36. Ne4 Kf7 37. Nd2 Kg6 38. Kf1 f5 39. Ke2 Ne5 40. Kf1 Kh5 41. Kg2 Ng6 42. Kf1 Nh4 43. Ke2 Ng6 44. Kf1 Kh4 45. Kg2 Ne5 46. Nb3 Nd3 47. Nd4 Nc5 1/2-1/2

[Event "EU-ch U16 26th"]
[Site "Prague"]
[Date "2016.08.18"]
[Round "1"]
[White "Dill, Xaver"]
[Black "Sorokin, Aleksey"]
[Result "0-1"]
[WhiteElo "2110"]
[BlackElo "2425"]
[PlyCount "84"]
[EventDate "2016.08.18"]
[EventType "swiss"]
[EventRounds "9"]
[EventCountry "CZE"]
[SourceTitle "CBM 174 Extra"]
[Source "ChessBase"]
[SourceDate "2016.10.10"]
[SourceVersion "1"]
[SourceVersionDate "2016.10.10"]
[SourceQuality "1"]

1. Nf3 Nf6 2. c4 g6 3. Nc3 d5 4. cxd5 Nxd5 5. h4 Bg7 6. h5 Nc6 7. g3 Nxc3 8. bxc3 e5 9. Bg2 e4 10. Nd4 Nxd4 11. cxd4 0-0 12. e3 Re8 13. Rb1 b6 14. hxg6 hxg6 15. 0-0 Ba6 16. Re1 c5 17. dxc5 Bd3 18. Rb3 bxc5 19. Bb2 Bxb2 20. Rxb2 Qf6 21. Qc1 c4 22. Rb7 Reb8 23. Rxb8+ Rxb8 24. Bf1 Rb2 25. Bxd3 cxd3 26. Rf1 Rxa2 27. Qc4 Rxd2 28. Qxe4 Kg7 29. Qd5 Qc3 30. Kg2 Rc2 31. Qd8 Qc6+ 32. Kg1 d2 33. Rd1 Qf3 34. Qd4+ Kh7 35. Qh4+ Qh5 36. Qxh5+ gxh5 37. Kf1 Rc1 38. Ke2 Rxd1 39. Kxd1 Kg6 40. Kxd2 Kg5 41. f3 a5 42. e4 h4 0-1

[Event "SUI-ch U16"]
[Site "Kreuzlingen"]
[Date "2016.06.30"]
[Round "2"]
[White "Lu, Hanqi"]
[Black "Dill, Xaver"]
[Result "0-1"]
[WhiteElo "1864"]
[BlackElo "2108"]
[PlyCount "84"]
[EventDate "2016.06.30"]
[EventType "swiss"]
[EventRounds "7"]
[EventCountry "SUI"]
[SourceTitle "EXT 2017"]
[Source "ChessBase"]
[SourceDate "2016.10.25"]
[SourceVersion "1"]
[SourceVersionDate "2016.10.25"]
[SourceQuality "1"]

1. e4 c5 2. Nc3 a6 3. g3 b5 4. Bg2 Bb7 5. Nge2 e6 6. 0-0 b4 7. Nb1 Nf6 8. d3 d5 9. exd5 exd5 10. Nd2 Be7 11. Nf3 Nc6 12. h3 0-0 13. Be3 Bd6 14. Bf4 Bc8 15. Qd2 Bf5 16. Rfe1 Re8 17. Bxd6 Qxd6 18. Nf4 h6 19. Rxe8+ Rxe8 20. Re1 Rxe1+ 21. Qxe1 g5 22. Ne2 Ne5 23. Qd2 Nxf3+ 24. Bxf3 Bxh3 25. Bg2 Bxg2 26. Kxg2 d4 27. b3 Qd5+ 28. Kg1 Qf3 29. Nc1 Kg7 30. Qe2 Qxe2 31. Nxe2 Nd5 32. Kg2 f5 33. Kh3 Kf6 34. Kg2 h5 35. Kh3 Ke5 36. Kg2 Nc3 37. Nxc3 dxc3 38. Kh3 f4 39. g4 hxg4+ 40. Kxg4 Kf6 41. Kh3 Kf5 42. f3 a5 0-1

[Event "Basel op"]
[Site "Basel"]
[Date "2016.01.05"]
[Round "7"]
[White "Ditter, Juergen"]
[Black "Dill, Xaver"]
[Result "1-0"]
[WhiteElo "2159"]
[BlackElo "2086"]
[PlyCount "37"]
[EventDate "2016.01.01"]
[EventType "swiss"]
[EventRounds "7"]
[EventCountry "SUI"]
[SourceTitle "EXT 2017"]
[Source "ChessBase"]
[SourceDate "2016.10.25"]
[SourceVersion "1"]
[SourceVersionDate "2016.10.25"]
[SourceQuality "1"]

1. e4 c5 2. Nf3 d6 3. d4 cxd4 4. Nxd4 Nf6 5. Nc3 a6 6. Bc4 e6 7. Bb3 Nbd7 8. f4 Nc5 9. e5 dxe5 10. fxe5 Nfd7 11. Bf4 Be7 12. Qe2 Qc7 13. 0-0-0 0-0 14. Rhe1 b5 15. Qg4 Nxb3+ 16. axb3 g6 17. Nxe6 fxe6 18. Qxe6+ Rf7 19. Qxf7+ 1-0

[Event "Basel op"]
[Site "Basel"]
[Date "2016.01.02"]
[Round "2"]
[White "Dill, Xaver"]
[Black "Brait, Wolfgang"]
[Result "1-0"]
[WhiteElo "2086"]
[BlackElo "1925"]
[PlyCount "65"]
[EventDate "2016.01.01"]
[EventType "swiss"]
[EventRounds "7"]
[EventCountry "SUI"]
[SourceTitle "CBM 170 Extra"]
[Source "ChessBase"]
[SourceDate "2016.02.25"]
[SourceVersion "1"]
[SourceVersionDate "2016.02.25"]
[SourceQuality "1"]

1. Nf3 Nf6 2. c4 g6 3. Nc3 Bg7 4. e4 d6 5. d4 0-0 6. h3 Nbd7 7. Bg5 c6 8. Be2 e5 9. d5 h6 10. Be3 cxd5 11. cxd5 Ne8 12. g4 a6 13. Nd2 f5 14. gxf5 gxf5 15. exf5 Ndf6 16. Bd3 e4 17. Ndxe4 Nxe4 18. Bxe4 Bxf5 19. Bxf5 Rxf5 20. Qd3 Rf7 21. Rg1 Qh4 22. 0-0-0 Rc8 23. Kb1 Kf8 24. Ne4 Qxh3 25. Rg3 Qf5 26. Rdg1 Qe5 27. Nc3 b5 28. Rxg7 Nxg7 29. Bd4 Rxc3 30. Bxc3 Qh2 31. Qg6 Qxf2 32. Bxg7+ Ke7 33. Qe6+ 1-0